00657nam a2200205 i 450000100060000000300090000600500170001500700030003200800410003510000280007624500930010425000120019726000350020930000210024449000570026550000230032270000310034583000540037685200210043097949ES-MaACL20250807232516.0t|050721s1984 sp |||| | spa d1 aMarín Saura, Juana J.13aEl silencio de las lilas / cJuana J. Marín Saura; prólogo José Javier Aleixandre. a1ª ed. aMadrid : bTorremozas, c1984. a72 p. ; c17 cm.1 aColección Torremozas de poesía de mujeres ; v10 aGrab. retr. autor.1 aAleixandre, José Javier.00aColección Torremozas de poesía de mujeresv10 aES-MaACLjL-5973